[Event "Ghent op 28th"]
[Site "Ghent"]
[Date "2005.07.18"]
[Round "6"]
[White "Van Wessel, Rudy"]
[Black "Ward, Christopher"]
[Result "0-1"]
[WhiteElo "2327"]
[BlackElo "2485"]
[Annotator "Gutman,L"]
[PlyCount "84"]
[EventDate "2005.07.16"]
[EventType "swiss"]
[EventRounds "9"]
[EventCountry "BEL"]
[SourceTitle "CBM 107 Extra"]
[Source "ChessBase"]
[SourceDate "2005.09.01"]
[SourceVersion "1"]
[SourceVersionDate "2005.09.01"]
[SourceQuality "1"]

1. d4 Nf6 2. Nf3 e6 3. c4 c5 4. d5 b5 5. dxe6 (5. Bg5 {seit vielen Jahren als
die stärste Erwiderung angesehen, gilt heute als umstritten. In der Partie
Beliavsky-Cvitan, slowenische Liga 2004, folgte} exd5 6. cxd5 d6 7. e4 a6 8. a4
Be7 9. Nbd2 Nxd5 10. Bxe7 Qxe7 11. axb5 O-O 12. Bc4 Nb4 {mit gutem Spiel für
Schwarz.}) 5... fxe6 6. cxb5 d5 7. Nbd2 (7. g3 a6 $5 8. bxa6 Bd6 9. Bg2 O-O 10.
O-O Bxa6 11. Nc3 Nc6 12. a4 Nb4 {mit Kompensation für den Bauern sahen wir in
Nikolic-Volokitin, BL 2004/2005, doch bereitet}) (7. e3 $5 Bd6 8. Nc3 {Schwarz
mehr Sorgen, Pinter-Kashashvili, Izmir 2004.}) 7... Be7 8. g3 (8. e4 dxe4 9.
Ne5 Bb7 $5 ({während} 9... Qd5 10. Ng4 Bb7 11. Bc4 Qf5 12. Ne3 Qe5 13. Be2 Nbd7
14. O-O O-O 15. Ndc4 Qc7 16. Bd2 Nd5 17. Bg4 {gut für Weiß aussieht, 1/2
Nixon-Ward, Douglas 2005.}) 10. Bc4 Qd4) 8... O-O 9. Bg2 Qb6 10. O-O ({um} 10.
a4 {mit 10...} a6 $5 11. bxa6 Nxa6 12. O-O Nb4 {zu beantworten}) 10... Qxb5 11.
e4 (11. Nb1 $5 Nc6 12. Nc3 Qb6 13. Rb1 {bietet Weiß etwas mehr vom Spiel.})
11... Nc6 12. Re1 $2 ({Bringt nur Schwierigkeiten mit sich.} 12. b3 $5 {
gefällt definitiv besser.}) 12... c4 13. h3 Bc5 ({Die Alternative war} 13... d4
$5 {, etwa} 14. b3 (14. e5 Nd5 15. Qc2 Ba6 16. Qe4) 14... c3 15. Nc4 e5) 14. e5
Bxf2+ 15. Kxf2 Qb6+ 16. Kf1 Nh5 17. Bh1 Nxg3+ 18. Kg2 Nxh1 (18... Nh5 $5 {
erscheint einfacher,} 19. Nf1 Bb7 20. Ng3 Nf4+ 21. Bxf4 Rxf4 22. Qd2 Raf8 23.
Rf1 d4) 19. Kxh1 Bb7 20. Rg1 Rf5 21. Qe1 Raf8 22. Qg3 Qc7 23. Nh4 R5f7 24. Ndf3
d4 25. Kh2 Rxf3 26. Nxf3 Rxf3 27. Qxf3 Nxe5 28. Qf4 Nf3+ 29. Kg3 (29. Kg2 e5
30. Qg4 Qf7 31. Bh6 Qf6 32. Rgf1 Nd2+ 33. Kg1 Nxf1 34. Rxf1 Qxh6) 29... e5 30.
Qf5 (30. Qxf3 Bxf3 31. Kxf3 Qc6+ 32. Kf2 e4) 30... Nxg1 31. Qe6+ Qf7 32. Qxf7+
Kxf7 33. Bd2 Nf3 34. Rf1 e4 35. Bb4 a6 36. Bc5 d3 37. Kf4 Ke6 38. Ke3 Kd5 39.
Bb4 Bc8 40. Rh1 g5 41. Be7 h6 42. Bf8 Nd4 0-1

[Event "Pardubice op-A"]
[Site "Pardubice"]
[Date "2005.07.26"]
[Round "5"]
[White "Shalimov, Valery"]
[Black "Vovk, Yuri"]
[Result "1-0"]
[WhiteElo "2426"]
[BlackElo "2435"]
[Annotator "Gutman,L"]
[PlyCount "57"]
[EventDate "2005.07.22"]
[EventType "swiss"]
[EventRounds "9"]
[EventCountry "CZE"]
[SourceTitle "CBM 107 Extra"]
[Source "ChessBase"]
[SourceDate "2005.09.01"]
[SourceVersion "1"]
[SourceVersionDate "2005.09.01"]
[SourceQuality "1"]

{Nach vier Runden führten Shalimov und Vovk mit 4 Punkten, gefolgt von 14
Titelträgern mit 3,5.} 1. d4 Nf6 2. Nf3 c5 3. d5 e6 4. c4 b5 5. Bg5 exd5 6.
cxd5 d6 7. e4 a6 8. Nbd2 Be7 9. a4 O-O (9... Nxd5 10. Bxe7 Qxe7 11. axb5 O-O
12. Bc4 Nb4 {hat sich in Praxis gut bewährt}) 10. Bxf6 (10. h4 {ist kaum
angebracht wegen} b4 (10... Re8 11. Be2 Qb6 $6 12. axb5 Bb7 13. Nc4 Qc7 14. b6
Qc8 $6 15. Bxf6 gxf6 16. Rh3 {Stevanovic-Schouten, Bela Crkva 1983})) 10...
Bxf6 11. Qc2 Nd7 (11... b4 12. Bd3 $14) (11... bxa4 12. Rxa4 Nd7 13. Bd3 Re8 (
13... Ne5 14. Nxe5 Bxe5 15. Nf3) 14. O-O $14) 12. axb5 Rb8 13. bxa6 Rxb2 14.
Qc1 Ne5 (14... Rb8 15. Ra2 Ra8 16. Bb5 Qb6 17. Qb1 Ne5 18. Nxe5 Bxe5 {kam in
Betracht, was den Weißen praktisch zu} 19. Nc4 $5 (19. O-O Bxa6 20. Bxa6 Rxa6
21. Qxb6 Rxb6 22. Nc4 Rb4 23. Nxe5 dxe5 24. f3 f5 $11) 19... Bc3+ 20. Ke2 Qc7
21. Rc1 Bd4 22. Kf1 f5 23. e5 $5 $16 {gezwungen hätte}) 15. Bc4 Qb6 $6 (15...
Nxf3+ 16. Nxf3 Re8 {war notwendig,} 17. e5 Bxe5 18. O-O Rb8 19. Nxe5 Rxe5 20.
Re1 $14) 16. O-O Rb4 17. Nxe5 Bxe5 18. Ra2 Bf4 19. Bd3 Qa7 20. g3 $6 (20. Qc2
$1 $16) 20... Rd4 21. gxf4 Rxd3 22. Nc4 Bxa6 $2 (22... f5 23. e5 dxe5 24. fxe5
Rxd5 $11) 23. Nxd6 Qb6 24. Nf5 Rh3 $2 25. Qa1 Qg6+ 26. Kh1 Rxh2+ 27. Kxh2 Qh5+
28. Kg3 Qg6+ 29. Kh4 1-0

[Event "EU-ch 2nd"]
[Site "Ohrid"]
[Date "2001.06.13"]
[Round "12"]
[White "Chuchelov, Vladimir"]
[Black "Markowski, Tomasz"]
[Result "0-1"]
[WhiteElo "2550"]
[BlackElo "2592"]
[Annotator "Hazai,L"]
[PlyCount "66"]
[EventDate "2001.06.01"]
[EventType "swiss"]
[EventRounds "13"]
[EventCountry "YUG"]
[SourceTitle "CBM 084"]
[Source "ChessBase"]
[SourceDate "2001.09.13"]
[SourceVersion "1"]
[SourceVersionDate "2001.09.13"]
[SourceQuality "1"]

1. Nf3 d6 2. d4 g6 3. c4 Bg7 4. Nc3 c5 5. e3 Nf6 6. Be2 O-O 7. O-O {Now a
funny carneval of transpositions will begin!} e6 {This may also arise via E10:
1.d4 Nf6 2.c4 e6 3.Nf3 c5 4.e3 g6 5.Nc3 Bg7 6.Be2 0-0 7.0-0 d6.} 8. e4 {
White loses a tempo in order to advance in the [+]. It is hard to believe,
that he can claim some advantage after that.} (8. Rb1 Nc6 9. d5 Ne7 10. e4 Ne8
$1 (10... e5 11. Nd2 $13 {is an unbelieveable transposition to E97!}) 11. dxe6
(11. Bd2 e5) 11... fxe6 12. Bg5 Qd7 $1 13. e5 Nc6 14. exd6 Nxd6 $13 {
Gulko-Rechlis, Manila izt 1990 49/580}) (8. b3 b6 9. Bb2 Bb7 10. Qd2 Qe7 11.
Rad1 Rd8 12. Rfe1 Nbd7 (12... Nc6 $6 {allows White to get space advantage in
the [+] after} 13. d5 $1 exd5 14. cxd5 Nb4 15. e4 $16) 13. Qc2 cxd4 (13... Rac8
$6 14. d5 $1 $14 {Inkiov-Alburt, Thessaloniki (ol) 1984 38/59}) 14. Nxd4 {
In this typical hedgehog setup White's pieces are not on their best places.} (
14. exd4 d5 $13 {may lead to isolated or hanging P positions with not enough
activity for White.}) 14... Nc5 $11 {Inkiov}) 8... Nc6 {This may also arise
via A35: 1.c4 c5 2.Nc3 Nc6 3.Nf3 g6 4.e3 Bg7 5.d4 d6 6.Be2 e6 7.0-0 Nf6 8.e4
0-0.} (8... cxd4 9. Nxd4 {and the funny transpositions continue:} a6 {This may
arise via B42: 1.e4 c5 2.Nf3 e6 3.d4 cxd4 4.Nxd4 a6 5.Bd3 Nf6 6.0-0 d6 7.c4 g6
8.Nc3 Bg7 9.Be2 0-0.}) 9. Be3 (9. d5 $5 Nd4 $5 (9... exd5 10. cxd5 Ne7) 10.
dxe6 $1 Nxe6 $1 {/\ b6, Bb7 attacking >< e4.} (10... Bxe6 $6 11. Nxd4 cxd4 12.
Nb5 $16 {L.B.Hansen}) (10... Nxf3+ $6 11. Bxf3 Bxe6 12. Be2 {White has a small,
but durable advantage because of the >< d6. The position resembles to the
Averbakh line.} Re8 13. Bg5 Qb6 $1 14. Qd2 Qb4 15. a3 $5 (15. Rac1 $14) 15...
Qb3 16. Rac1 a6 $1 {/\ Nd7-b6} (16... Bxc4 $2 17. Bxc4 Qxc4 18. Nd5 $18) 17.
Kh1 $1 {/\ f4} Nd7 18. f4 Bxc4 (18... Nb6 19. f5 $1 Bxc4 (19... Nxc4 20. Qf4 $1
Bd7 (20... Be5 21. Qh4 Bd7 22. Nd5 $18) 21. fxg6 fxg6 22. Qf7+ $18) 20. Bd1
Bxc3 $1 21. Rxc3 Qb5 (21... Qxc3 22. Qxc3 Bxf1 23. Bh6 Re5 $1 24. Qf3 $1 Bc4 (
24... Rae8 25. Qxf1 Rxe4 26. Bd2) 25. fxg6 Nd7 (25... f5 26. gxh7+ $18) 26.
gxf7+ Bxf7 27. Qg4+ $18) 22. Re1 $16 {L.B.Hansen}) 19. Bxc4 Qxc4 20. Qxd6 Qe6
21. Qd2 $16 {L.B.Hansen-Arnason, Ostersund (zt) 1992 55/55}) 11. Re1 (11. h3
Re8 (11... a6 $143 {Black has no time for b7-b5.} 12. Be3 Re8 13. Qc2 Bd7 14.
Rfd1 Qb8 $1 15. a4 Bc6 16. a5 $14 {/\} Nxe4 $6 17. Nxe4 Nd4 18. Nxd4 Bxe4 19.
Bd3 $1 cxd4 (19... Bxd3 20. Qxd3 cxd4 21. Bxd4 $16) 20. Bxd4 Bxd4 21. Bxe4 $16
Bc5 $6 (21... Bxb2 $2 22. Rab1) 22. b4 $1 {L.B.Hansen}) 12. Be3 b6 13. Re1 (13.
Qc2 $6 Bb7 14. Rad1 {allowing the pretty simplifying combination} Nxe4 $1 15.
Nxe4 Nd4 16. Nxd4 cxd4 $1 17. Nf6+ (17. Bxd4 $6 Bxe4 18. Qd2 Bxd4 19. Qxd4 Bxg2
$17) 17... Qxf6 18. Bxd4 Qg5 19. g3 {(Portisch-Suba, Luzern 1985 40/618)} Re6
$15 {Suba}) 13... Bb7 14. Bd3 $6 {The B is awkward here.} Nd7 15. Qd2 Ne5 16.
Nh2 a6 17. Bf1 Nd4 18. Bg5 f6 19. Bh4 g5 20. Bg3 Ra7 21. b3 Bc6 22. Rac1 Rf7
23. Be2 f5 $17 {Sartori-Suba, Bela Crkva 1985 40/(618)}) 11... b6 12. Nb5 Bb7
13. Nxd6 Bxe4 14. Ng5 Nxg5 15. Bxg5 Bc6 16. Qd3 h6 17. Bh4 Qc7 18. Bg3 Rad8 19.
Rad1 Qb8 20. Qa3 Qa8 21. Bf1 Ne4 $11 {Djuric-Izeta, Novi Sad 1986}) 9... b6 (
9... Qe7 $6 {is strongly met by} 10. d5 exd5 11. cxd5 Ne5 (11... Nd4 $2 12.
Nxd4 cxd4 13. Bxd4 Nxe4 14. Bxg7 Kxg7 15. Qd4+ $16 {Speelman}) 12. Nxe5 Qxe5 {
Speelman-Alburt, London (m1) 1986} 13. f3 $14 {with a favourable Benoni for
White, Speelman.}) (9... Ng4 10. Bg5 f6 11. Bc1 {+/= Ribli} (11. Bh4 $5 {
Speelman}) 11... e5 {=/+ Suba} ({or} 11... f5 $5 {with strong counterplay in
the [+].}) 12. dxc5 dxc5 13. Qd5+ Qxd5 14. cxd5 Nd4 15. Nxd4 cxd4 16. Nb5 f5
17. Bxg4 {1/2-1/2 Chekhov-O.Foisor, Leipzig 1986}) 10. d5 exd5 11. cxd5 Ne7 12.
Nd2 {White is continuing his "typical" Benoni manoeuvres, but the situation is
different. The N on e7 and the B on b7 prepare the mighty f7-f5 push, after
which >< d5 becomes very vulnerable.} (12. h3 h6 $1 13. Bc4 {(Ribli-Arnason,
Manila (ol) 1992 55/54)} (13. Qd2 $5 g5 14. h4 {deserves serious attention})
13... g5 $1 {fighting for the dark squares.} 14. e5 Ne8 $10 {Ribli}) 12... Ne8
13. f4 $6 {White is still on the wrong track.} (13. Nc4 {however is also met by
} f5) 13... f5 $1 14. Kh1 (14. Bc4 fxe4 15. Ndxe4 Nf5 16. Bf2 Nd4 $13 {
invading the [+].}) 14... Bb7 15. Bg1 (15. a4 Nc7 16. Bc4 Bxc3 17. bxc3 fxe4
$17 {and >< d5 falls.}) (15. Bc4 Nc7) 15... Nc7 16. exf5 Rxf5 17. Bd3 (17. Bg4
Rf8 18. Nde4 Nexd5 $17) 17... Rf8 18. Nde4 Qd7 (18... Kh8 $5 {was a useful
prophylaxis as well leaving the a2-g8 /^.} 19. Bc4 (19. Ng5 Qd7 (19... Nexd5
20. Nxh7 Nxf4)) 19... b5) 19. Qb3 (19. a4 Kh8 20. Bc4) 19... Kh8 20. Bc4 Rab8
21. a4 {White has to do something against the threatening b5, but all of his
pieces defend >< d5.} Ba8 {/\ a6, b5} 22. Ng5 $2 {This is simply a loss of a
vital tempo.} (22. Nb5 Ncxd5 23. Nbxd6 Nxf4 24. Nf7+ Rxf7 25. Bxf7 Nxg2 $40 {
with nasty threats on the long /^.}) (22. Rae1 a6 23. Nxd6 Qxd6 24. Ne4 Qd7 25.
d6 Bxe4 26. dxc7 Bxg2+ 27. Kxg2 Qxc7 $17) 22... h6 23. Nge4 (23. Ne6 Nxe6 24.
dxe6 Qc6 25. Qc2 d5 $19) 23... a6 24. Rad1 b5 $19 {and finally this typical
Benoni push comes with a decisive effect.} 25. axb5 axb5 26. Be2 b4 27. Qa4 (
27. Na4 Bxd5) 27... Qd8 28. Nb1 Ncxd5 29. Qb3 Qc7 30. Qg3 Bxb2 31. Bc4 Bg7 32.
f5 gxf5 33. Nxd6 f4 0-1

[Event "St Petersburg-ch"]
[Site "St Petersburg"]
[Date "1998.04.13"]
[Round "6"]
[White "Solozhenkin, Evgeniy"]
[Black "Shchukin, Dmitry"]
[Result "1-0"]
[WhiteElo "2500"]
[BlackElo "2390"]
[Annotator "Hecht,H"]
[PlyCount "139"]
[EventDate "1998.04.07"]
[EventType "tourn"]
[EventRounds "13"]
[EventCountry "RUS"]
[EventCategory "10"]
[SourceTitle "CBM 065"]
[Source "ChessBase"]
[SourceDate "1998.08.06"]
[SourceVersion "1"]
[SourceVersionDate "1998.08.06"]
[SourceQuality "1"]

1. d4 Nf6 2. c4 e6 3. Nf3 c5 4. d5 exd5 5. cxd5 Bd6 6. g3 Bc7 7. d6 Ba5+ 8. Bd2
O-O 9. Bg2 Ne4 10. O-O Bxd2 11. Nbxd2 Nxd6 12. Rc1 b6 13. Nb1 Nb7 14. Nc3 Nc6
15. Qd2 Ne7 16. Ne5 d6 17. Rfd1 Rb8 18. Nc4 Be6 19. Nxd6 Nxd6 20. Qxd6 Qxd6 21.
Rxd6 Rfd8 22. Rcd1 Rxd6 23. Rxd6 Nf5 24. Rd2 Kf8 25. Nb5 Bxa2 26. Nxa7 Nd4 27.
e3 Nb3 28. Rd6 Na5 29. Bh3 Nc4 30. Rd7 Ne5 31. Rc7 Bd5 32. f4 Nf3+ 33. Kf2 Nd2
34. Rd7 Ne4+ 35. Ke2 Nf6 36. Rc7 h5 37. Nc6 Bxc6 38. Rxc6 Nd5 39. Bg2 Nb4 40.
Rc7 Na6 41. Ra7 Nb4 42. Bf3 g6 43. f5 Re8 44. Rb7 gxf5 45. Bxh5 Re7 46. Rxb6
Rxe3+ 47. Kxe3 Nd5+ 48. Kf3 Nxb6 49. Kf4 c4 50. Kxf5 Nd5 51. Bf3 c3 52. bxc3
Nxc3 53. Kf6 {[#] Although Black has exchanged a lot of material and White
still has the wrong bishop, Black doesn't succeed in sacrificing the knight
for the g3 pawn or permanently shaking off the White king from the weakness on
f7. [#] Obwohl Schwarz viel abgetauscht hat und Weiß auch noch den falschen
Läufer hat, gelingt es Schwarz nicht, den Springer gegen g3 zu opfern oder den
weißen König nachhaltig von der Schwäche f7 abzudrängen.} Nb5 (53... Na4 54. h4
Nc5 55. Bc6 Ne6 56. g4 (56. Bd5 Nc5) (56. h5 Ng7 57. g4 Nxh5+) 56... Ng7 57.
Bd7 Nh5+ $1 {could be the better way, giving Black some resources. Analyse!
könnte der bessere Weg sein, bei dem es Ressourcen gibt. Analyse!}) 54. h4 Nd6
55. Bc6 Nc8 56. h5 Ne7 57. h6 Ng8+ 58. Kg5 Ne7 59. Be4 Kg8 60. Kf6 Nc8 61. g4
Nd6 62. Bd5 Kh7 63. g5 Kh8 64. Ke5 (64. Bxf7 Ne4+ 65. Kf5 Nxg5 $11) 64... Nc8
65. Bxf7 Kh7 66. Kf6 Nd6 67. Bg6+ Kg8 68. Bd3 Ne8+ 69. Ke7 Nc7 70. Kd7 1-0

[Event "Bundesliga 0203"]
[Site "Germany"]
[Date "2003.01.11"]
[Round "8.7"]
[White "Bunzmann, Dimitrij"]
[Black "Sandner, Gunter"]
[Result "1-0"]
[WhiteElo "2498"]
[BlackElo "2323"]
[Annotator "Hecht,H"]
[PlyCount "121"]
[EventDate "2002.10.19"]
[EventType "team-tourn"]
[EventRounds "15"]
[EventCountry "GER"]
[SourceTitle "CBM 093"]
[Source "ChessBase"]
[SourceDate "2003.04.01"]
[SourceVersion "1"]
[SourceVersionDate "2003.04.01"]
[SourceQuality "1"]
[WhiteTeam "Stuttgart"]
[BlackTeam "Plauen"]
[WhiteTeamCountry "GER"]
[BlackTeamCountry "GER"]

1. d4 Nf6 2. c4 e6 3. Nf3 c5 4. d5 exd5 5. cxd5 d6 6. e4 a6 7. h3 g6 8. Bd3 Bg7
9. O-O O-O 10. a4 Re8 11. Qc2 Nbd7 12. Bf4 Qe7 13. Nbd2 Nh5 14. Bh2 Qf6 15. Nc4
Nf4 16. Qd2 Bh6 17. Bxf4 Bxf4 18. Qc3 Qe7 19. Rfe1 Rb8 20. g3 Ne5 21. Nfxe5
Bxe5 22. Nxe5 Qxe5 23. Qxe5 Rxe5 24. f4 Re7 25. Bf1 Bd7 26. Kf2 Rbe8 27. Bg2
Kf8 28. a5 Bb5 29. Rad1 f6 30. h4 h6 31. Re3 Bd7 32. Rde1 Kf7 33. Bf1 Ba4 34.
Bh3 Bd7 35. Bg2 Bb5 36. Bf3 Bd7 37. Bd1 Bb5 38. Bc2 Kg7 39. Bd1 Bc4 40. Bg4 f5
41. exf5 Rxe3 42. Rxe3 Rxe3 43. Kxe3 {Praktisch besitzt Weiß einen Mehrbauern,
da der Ba5 die schwarzen Bauern a6 und b7 lähmt. Schwieriges Baukastenspiel} h5
(43... Bxd5 44. fxg6 Kxg6 45. h5+ Kf6 46. Bf3 Bc4 47. Bxb7 d5 48. g4 d4+ 49.
Kf3 Bb5 {und nun die Gewinnidee, um an den Ba6 heranzukommen oder ein
günstiges Bauernendspiel zu erhalten:} 50. b3 Bd3 51. Bd5 Bb5 52. Bc4 Bxc4 53.
bxc4 Ke6 (53... Kf7 54. g5 Kg7 55. g6 Kf6 56. f5 Kg7 57. Ke4 Kf6 58. Kf4 Kg7
59. Ke5 d3 60. f6+ Kf8 61. Ke6 d2 62. g7+ Kg8 63. f7+ Kxg7 64. Ke7 d1=Q 65.
f8=Q+ Kh7 66. Qf5+ Kg7 67. Qg6+ Kh8 68. Qxh6+ Kg8 69. Qg6+ Kh8 70. Qxa6 $18)
54. g5 hxg5 55. fxg5 Kf5 56. g6 Kf6 57. Kg4 Kg7 58. Kg5 d3 59. h6+ Kg8 60. Kf6
d2 61. h7+ Kh8 62. g7+ Kxh7 63. Kf7 d1=Q 64. g8=Q+ Kh6 65. Qg6#) 44. f6+ Kxf6
45. Be6 Ke7 46. Kd2 Bb5 47. Bc8 Kd8 48. Bxb7 Kc7 49. Ba8 Bd7 50. Ke3 Bf5 51.
Bc6 Bc2 52. Kd2 Be4 53. Kc3 Kc8 54. Kc4 Kd8 55. b4 cxb4 56. Kxb4 Bf3 57. Ba4
Be4 (57... Bxd5 58. Bc2 Bf7 59. Bd3 $18) 58. Bb3 Kc7 59. Bc4 Kb7 60. Kc3 Bf5
61. Bd3 (61. Bd3 Ka7 62. Kd4 Kb7 63. Ke3 Ka7 64. Bxf5 gxf5 65. g4 $18) 1-0

[Event "Abu Dhabi op 13th"]
[Site "Abu Dhabi"]
[Date "2003.08.17"]
[Round "2"]
[White "Malyshev, Vasilij"]
[Black "Ghaem Maghami, Ehsan"]
[Result "0-1"]
[WhiteElo "2377"]
[BlackElo "2544"]
[Annotator "Hecht,H"]
[PlyCount "80"]
[EventDate "2003.08.16"]
[EventType "swiss"]
[EventRounds "9"]
[EventCountry "UAE"]
[SourceTitle "CBM 097"]
[Source "ChessBase"]
[SourceDate "2003.11.11"]
[SourceVersion "1"]
[SourceVersionDate "2003.11.11"]
[SourceQuality "1"]

1. d4 Nf6 2. c4 c5 3. d5 b5 4. Nf3 e6 5. Bg5 exd5 6. cxd5 d6 7. e4 a6 8. Nbd2
Be7 9. a4 Nxd5 10. Bxe7 Qxe7 11. axb5 O-O 12. Bc4 Nb4 13. O-O Bb7 14. bxa6
N8xa6 15. Re1 Nc7 16. Ra3 Ne6 17. Qb3 Ng5 18. Nxg5 Qxg5 19. Rxa8 Bxa8 20. Nf3
Qe7 21. Re3 Kh8 22. Nd2 f5 23. exf5 Qg5 24. Bf1 Qxf5 25. Nf3 Nd5 26. Re1 Nf4
27. Qe3 Bxf3 28. gxf3 h5 29. Qe4 Qg5+ 30. Kh1 h4 31. Qe7 Qxe7 32. Rxe7 {
[#] The helpless king [#] Der Pleitekönig} Rb8 33. Rf7 (33. Rd7 Rxb2 (33... d5
$144) 34. Rxd6 Rb1 35. Kg1 h3 {[%cal Rf4e2]} 36. Rd2 c4 37. Ra2 c3 38. Rc2 Ra1
{and mate in a few moves. und Matt in wenigen Zügen}) 33... g5 34. Rf5 Rxb2 35.
Rxg5 Rb1 36. Rg1 (36. Kg1 Nh3+ $19 (36... h3 $144 $19)) 36... d5 37. h3 c4 38.
Kh2 c3 39. Rg4 Rxf1 40. Rxh4+ Kg7 0-1

[Event "FRA-ch Prelim Gr-B"]
[Site "Besancon"]
[Date "1999.08.18"]
[Round "3"]
[White "Bacrot, Etienne"]
[Black "Koch, Jean Rene"]
[Result "1-0"]
[WhiteElo "2592"]
[BlackElo "2510"]
[Annotator "Hecht,H"]
[PlyCount "77"]
[EventDate "1999.08.16"]
[EventType "tourn"]
[EventRounds "7"]
[EventCountry "FRA"]
[EventCategory "10"]
[SourceTitle "CBM 073"]
[Source "ChessBase"]
[SourceDate "1999.12.01"]
[SourceVersion "1"]
[SourceVersionDate "1999.12.01"]
[SourceQuality "1"]

1. d4 Nf6 2. Nf3 c5 3. d5 e6 4. c4 b5 5. dxe6 fxe6 6. cxb5 Bb7 7. Nc3 Be7 8.
Bg5 O-O 9. e3 d5 10. Bd3 Nbd7 11. O-O Kh8 12. Re1 Ng4 13. Bxe7 Qxe7 14. h3 Nge5
15. Nxe5 Nxe5 16. Bc2 Qh4 17. f4 Rad8 18. fxe5 d4 19. Qe2 dxc3 20. bxc3 Qg3 21.
Rf1 Qxe5 22. Qd3 g6 23. Rxf8+ Rxf8 24. Rf1 Rxf1+ 25. Kxf1 Qg5 26. Qd2 Bd5 27.
a4 Bc4+ 28. Kg1 Kg7 29. Be4 Qe5 30. Bc6 Qc7 31. Qd7+ Qxd7 32. Bxd7 {[%cal
Ra4a5] [#]} Kf7 $8 33. Bc6 (33. a5 Ke7 34. Bc6 Kd6 {[%csl Rb5]}) 33... Ke7 34.
Be4 $1 {Fixiert die Königsflügelbauern} Kd6 (34... Kf6 $5 {mit der Idee h6 und
g5 war m.E. die einzige wenn auch nur hinhaltende Verteidigungsmöglichkeit.}
35. Kf2 h6 36. Bf3 e5 37. Be2 Bd5 38. a5 e4 39. c4 Bb7 40. a6 Ba8 41. Bg4 Ke7
42. Kg3 $18) 35. g4 Kc7 36. Bc2 {[%csl Rg6,Rh7][%cal Yg4g5,Yh3h4]} h6 37. Bxg6
Bb3 38. h4 e5 (38... Bxa4 39. g5 hxg5 40. h5 $18) 39. a5 1-0

[Event "Enghien les Bains 3rd"]
[Site "Enghien les Bains"]
[Date "1999.03.06"]
[Round "4"]
[White "Sadler, Matthew D"]
[Black "Bologan, Viktor"]
[Result "0-1"]
[WhiteElo "2667"]
[BlackElo "2608"]
[Annotator "Hecht,H"]
[PlyCount "126"]
[EventDate "1999.03.03"]
[EventType "tourn"]
[EventRounds "9"]
[EventCountry "FRA"]
[EventCategory "15"]
[SourceTitle "CBM 070"]
[Source "ChessBase"]
[SourceDate "1999.06.08"]
[SourceVersion "1"]
[SourceVersionDate "1999.06.08"]
[SourceQuality "1"]

1. d4 Nf6 2. c4 Nc6 3. Nf3 e6 4. a3 d6 5. Nc3 g6 6. e4 Bg7 7. h3 O-O 8. Be3 Re8
9. Bd3 Nd7 10. Be2 e5 11. d5 Nd4 12. Nxd4 exd4 13. Bxd4 Bxd4 14. Qxd4 Nc5 15.
Rd1 Qg5 16. Bf3 f5 17. O-O f4 18. Kh2 Nd7 19. Bg4 Ne5 20. Bxc8 f3 21. g3 Raxc8
22. Rh1 a6 23. Qd2 Qxd2 24. Rxd2 Nxc4 25. Rd4 Ne5 26. Rc1 h5 27. Nb1 g5 28. Nd2
g4 29. h4 Kf7 30. Kg1 Re7 31. Kf1 Nd7 32. Rdc4 Nf6 33. R1c3 b5 34. Rd4 Nd7 35.
Ke1 Nc5 36. b4 Na4 37. Rc6 a5 38. bxa5 Nc5 39. Kd1 Ra8 40. a6 Nxa6 41. Rc3 Nc5
42. Kc2 Kf6 43. Rb4 Ra5 44. Re3 Re8 45. Kc1 Ke5 46. Kc2 Rea8 47. Kb2 R8a6 48.
Ka2 Ra4 49. Rxb5 Rb6 50. Rxb6 cxb6 51. Kb2 Nxe4 52. Kb3 Rd4 53. Nxe4 Rxe4 54.
Rxe4+ Kxe4 {[#]} 55. Kc4 b5+ 56. Kxb5 Kd3 57. Kc6 {So oder so kann sich Weiß
nur in ein verlorenes Damenendspiel retten.} (57. a4 Ke2 58. a5 Kxf2 59. a6
Kxg3 60. a7 f2 61. a8=Q f1=Q+ 62. Kc6 Qf4 $19 {[%cal Rg3h2,Rg4g3]}) 57... Ke2
58. Kxd6 Kxf2 59. Ke5 Kxg3 60. d6 f2 61. d7 f1=Q 62. d8=Q Kh3 63. Qd7 Kxh4 0-1